Casarett and Doull's toxicology : the basic science of poisons

Αποθηκεύτηκε σε:
Λεπτομέρειες βιβλιογραφικής εγγραφής
Άλλοι συγγραφείς: Klaassen, Curtis D. (Επιμελητής έκδοσης), Amdur, Mary O. (Επιμελητής έκδοσης), Doull, John 1923- (Επιμελητής έκδοσης)
Μορφή: Βιβλίο
Γλώσσα:English
Δημοσίευση: New York : Macmillan, 1986
Έκδοση:3rd ed.
Θέματα:
Ετικέτες: Προσθήκη ετικέτας
Δεν υπάρχουν, Καταχωρήστε ετικέτα πρώτοι!

MARC

LEADER 00000nam a2200000 i 4500
001 1/92023
008 961018s1986 eng d
020 |a 0-02-364650-0 
035 |l 10008288 
040 |a GR-MY-UA  |b gre  |e aacr 
041 0 |a eng 
082 0 |a 615.9 
245 1 0 |a Casarett and Doull's toxicology :  |b the basic science of poisons /  |c Edited by Curtis D. Klaassen; Mary O. Amdur; John Doull 
250 |a 3rd ed. 
260 |a New York :   |b Macmillan,   |c 1986 
300 |a xiii, 974 σ.;  |b εικ.;  |c 26 εκ. 
504 |a Περιέχει βιβλιογραφικές παραπομπές και ευρετήριο 
650 0 0 |a Toxicology. 
700 1 |a Klaassen, Curtis D.  |4 edt 
700 1 |a Amdur, Mary O.  |4 edt 
700 1 |a Doull, John  |d 1923-  |4 edt 
852 |a INST  |b LESVOS  |e 19961018  |h 615.9 CAS  |p 005100008983  |q 005100008983  |t BK  |y 0 
909 |a Λ  |b 010861